00980nam a22002177a 4500003000900000008004100009020001800050040007100068082001800139245009400157260008100251300002800332505025600360650002500616650001400641650002500655650001200680650002700692650001400719700002900733AR-CdUCM190306b ||||| |||| 00| 0 spa d a9972-610-07-1 aMUNICIPALIDAD PROVINCIAL DEL CUSCOcBIBLIOTECA MUNICIPAL DEL CUSCO a323.34 /bC 4 aCaminos a Beijing :bIV Conferencia Mundial de la Mujer en América Latina y el Caribe / aLima :bCentro de la Mujer Peruana Flora Tristán,bUNICEF,bUNIFEM,c1998. a222 páginas ;c20 cm. aContenido: El proceso hacia Beijing: reflexiones desde adentro -- Los nudos de la región -- El caso de México -- El caso de Caribe -- El caso de Costa Rica en el contexto centroamericano -- En el caso de Colombia en el contexto centroamericano ... aDerechos de la mujer aCongresos aCondiciones sociales aMujeres aMovimientos feministas aCongresos aVargas Valente, Virginia